000 00510nam a2200181Ia 4500
005 20250326124549.0
008 250326s9999 xx 000 0 und d
037 _aTextbook
040 _aFMSL
_beng
_cFMSL
041 _aeng
_2eng
084 _aX:8 L3
_qFMSL
100 _aKumdson H R
_9737588
245 0 _aManagement: experiential approach
_cKumdson H R; Woodworth R T And Others
260 _aNY
_bNY, McGraw-Hill
_c1973
300 _a442p
942 _cTB
_hX:8 L3
999 _c1274187
_d1274187